000 01535nam a2200457 i 4500
001 41034
003 KOSZ 005
005 20250702063743.0
008 190325s1999 pl a f 001 0 pol
015 _aPB 2001/2649
020 _a8387674141
035 _a(PL-WaBN)b14216760-48omnis_nlop
035 _ab14216760
035 _a(OCoLC)749688732
035 _a(PL)b0000001421676
040 _aWA N
_cWA N
_dKOSZ 005/RW
046 _k1999
080 _a510.22
080 _a519.86
080 _a519.7
080 _a(075.8)
100 1 _aPiegat, Andrzej.
_eAutor
245 1 0 _aModelowanie i sterowanie rozmyte /
_cAndrzej Piegat.
260 _aWarszawa :
_b"Exit",
_c1999.
300 _a678 stron :
_bilustracje ;
_c24 cm.
336 _aTekst
_btxt
_2rdacontent
337 _aBez urządzenia pośredniczącego
_bn
_2rdamedia
338 _aWolumin
_bnc
_2rdacarrier
380 _aKsiążki
388 _a1901-2000
490 1 _aProblemy Współczesnej Nauki : teoria i zastosowania. Informatyka
504 _aBibliografia na stronach [651]-673. Indeks.
650 7 _aModelowanie i sterowanie rozmyte
_2DBN
655 7 _aPodręczniki akademickie
_2DBN
658 _aInformatyka i technologie informacyjne
710 2 _aAkademicka Oficyna Wydawnicza Exit
_4pbl
830 0 _aProblemy Współczesnej Nauki.
_pInformatyka
856 _uhttp://koha.tu.koszalin.pl/cgi-bin/koha/opac-detail.pl?biblionumber=41034
_yKatalog online BPK
942 _2UKD
_cKS
999 _c41034
_d41034